[Event "Quebec op U2000"]
[Site "Montreal CAN"]
[Date "2023.08.02"]
[Round "6.18"]
[White "Tachijian, Mardig"]
[Black "Alcantara, Maximo"]
[Result "0-1"]
[WhiteElo "1717"]
[BlackElo "1875"]
[PlyCount "74"]
[EventDate "2023.07.29"]
[EventType "swiss"]
[EventRounds "9"]
[EventCountry "CAN"]

1. d4 Nf6 2. c4 c6 3. Nc3 d5 4. e3 g6 5. g3 Bg7 6. cxd5 cxd5 7. Bg2 O-O 8. Nf3
Bf5 9. Qb3 b6 10. Nh4 Be6 11. O-O Nc6 12. Bd2 Na5 13. Qd1 Rc8 14. b3 Qd7 15.
Ne2 Nc6 16. Rc1 Bh3 17. Nf3 Bxg2 18. Kxg2 Ne4 19. Nfg1 Qf5 20. f3 Nf6 21. g4
Qd7 22. h3 Qd6 23. Be1 Qa3 24. Qd2 e5 25. dxe5 Nxe5 26. Nc3 Rfd8 27. Bh4 Qa5
28. Nge2 h6 29. f4 Nc6 30. g5 hxg5 31. Bxg5 Re8 32. Bxf6 Bxf6 33. Qxd5 Rxe3 34.
Rf3 Rxe2+ 35. Kf1 Bxc3 36. Qxa5 Bxa5 37. Rxc6 Re1+ 0-1

[Event "Quebec op U2000"]
[Site "Montreal CAN"]
[Date "2023.08.02"]
[Round "6.19"]
[White "Fiset, Anais Chloe"]
[Black "Kozlov, Guennadi"]
[Result "1/2-1/2"]
[WhiteElo "1457"]
[BlackElo "1321"]
[PlyCount "102"]
[EventDate "2023.07.29"]
[EventType "swiss"]
[EventRounds "9"]
[EventCountry "CAN"]

1. e4 e6 2. d4 d5 3. Nd2 c5 4. Ngf3 Nf6 5. e5 Nfd7 6. c3 Nc6 7. Bd3 Qb6 8. Qa4
cxd4 9. cxd4 Qb4 10. Qxb4 Nxb4 11. Bb1 b6 12. a3 Nc6 13. Bd3 Bb7 14. O-O Be7
15. b4 O-O 16. Re1 Rac8 17. Nb3 Ncb8 18. Bd2 Rc7 19. Re2 Rfc8 20. Ne1 Nf8 21.
f4 f5 22. exf6 Bxf6 23. f5 exf5 24. Bxf5 Rd8 25. Nf3 Ba6 26. Re3 Bc4 27. Bc2
Nc6 28. Bc3 Kf7 29. Rae1 Re7 30. Rxe7+ Nxe7 31. Ne5+ Kg8 32. Ng4 Neg6 33. Nxf6+
gxf6 34. Nd2 Ba6 35. Bb3 Nf4 36. Bd1 Rc8 37. Nb1 Bd3 38. Bg4 Rc7 39. Bd2 N4g6
40. Nc3 Bc4 41. g3 Kf7 42. Bf3 Rd7 43. Kf2 Rd8 44. h4 Ne6 45. Be3 Ng7 46. h5
Ne7 47. g4 Ne6 48. Rd1 Rc8 49. Re1 Rd8 50. Rc1 Rc8 51. Rd1 Rd8 1/2-1/2

[Event "Quebec op U2000"]
[Site "Montreal CAN"]
[Date "2023.08.02"]
[Round "6.20"]
[White "Plante, Michel"]
[Black "Espagnol-Echeverria, Manuel"]
[Result "0-1"]
[WhiteElo "2010"]
[BlackElo "1806"]
[PlyCount "50"]
[EventDate "2023.07.29"]
[EventType "swiss"]
[EventRounds "9"]
[EventCountry "CAN"]

1. d4 Nf6 2. Nc3 d6 3. Nf3 g6 4. Bf4 Bg7 5. Qd2 O-O 6. O-O-O Re8 7. h3 b5 8.
Nxb5 Bb7 9. Nc3 Nbd7 10. Bh6 Bh8 11. Ng5 c5 12. d5 Qa5 13. e4 Rab8 14. Kb1 Bxd5
15. b3 Bc6 16. Bc4 Ne5 17. Bd5 e6 18. f4 Nxd5 19. Nxd5 Qxd2 20. Rxd2 Nc4 21.
Rd3 exd5 22. exd5 Bd7 23. g4 Re2 24. Kc1 Ne3 25. Rd2 Bb2+ 0-1

[Event "Quebec op U2000"]
[Site "Montreal CAN"]
[Date "2023.08.02"]
[Round "6.21"]
[White "De Lagrave, Sylvain"]
[Black "Craciun, David"]
[Result "1/2-1/2"]
[WhiteElo "1792"]
[BlackElo "1930"]
[PlyCount "63"]
[EventDate "2023.07.29"]
[EventType "swiss"]
[EventRounds "9"]
[EventCountry "CAN"]

1. e4 e5 2. Nf3 Nc6 3. c3 d5 4. Qa4 Qd7 5. Bb5 a6 6. Bxc6 Qxc6 7. Qxc6+ bxc6 8.
Nxe5 dxe4 9. d4 c5 10. Be3 cxd4 11. Bxd4 c5 12. Be3 Be6 13. Nd2 f6 14. Nec4 f5
15. Nb6 Rb8 16. Na4 Rc8 17. Nb3 Bxb3 18. axb3 Rc6 19. c4 Nf6 20. Nc3 Bd6 21. g3
Kf7 22. Ke2 Rb8 23. Ra3 Rcb6 24. Rd1 Ke6 25. Rxd6+ Rxd6 26. Bf4 Rbd8 27. Bxd6
Rxd6 28. Ra5 Rc6 29. Na4 Kd6 30. Nc3 Rb6 31. Na4 Rc6 32. Nc3 1/2-1/2

[Event "Quebec op U2000"]
[Site "Montreal CAN"]
[Date "2023.08.02"]
[Round "6.22"]
[White "Hu, Raymond"]
[Black "Chasles, Jean-Benoit"]
[Result "0-1"]
[WhiteElo "1449"]
[BlackElo "1825"]
[PlyCount "80"]
[EventDate "2023.07.29"]
[EventType "swiss"]
[EventRounds "9"]
[EventCountry "CAN"]

1. e4 c5 2. Nf3 g6 3. c4 Bg7 4. d4 cxd4 5. Nxd4 Nc6 6. Be3 Qb6 7. Nb5 Qa5+ 8.
Bd2 Qb6 9. N1c3 Nf6 10. c5 Qd8 11. Bf4 O-O 12. Bc7 Qe8 13. Be2 a6 14. Qa4 axb5
15. Qxa8 b4 16. Nb5 Nxe4 17. Bb6 f5 18. Bc4+ Kh8 19. Nc7 Qd8 20. Ne6 Qe8 21.
Nxf8 Bxb2 22. Nxg6+ hxg6 23. Rd1 Bc3+ 24. Ke2 Nd4+ 25. Rxd4 Bxd4 26. c6 Nd6 27.
cxb7 Nxb7 28. Bxd4+ e5 29. Bb2 Nd6 30. Ba6 Bxa6+ 31. Qxa6 Ne4 32. f4 Kh7 33.
Bxe5 g5 34. Kf3 Qh5+ 35. Ke3 Qe8 36. Rd1 Qe7 37. Qb7 gxf4+ 38. Kf3 Qxe5 39.
Qxd7+ Kg6 40. Qc8 Nd2+ 0-1

[Event "Quebec op U2000"]
[Site "Montreal CAN"]
[Date "2023.08.02"]
[Round "6.23"]
[White "Beaupre, Eugene"]
[Black "Guillemette, Thomas"]
[Result "1-0"]
[WhiteElo "1825"]
[BlackElo "1600"]
[PlyCount "49"]
[EventDate "2023.07.29"]
[EventType "swiss"]
[EventRounds "9"]
[EventCountry "CAN"]

1. e4 c5 2. Nc3 Nc6 3. f4 a6 4. a4 g6 5. Nf3 Bg7 6. Bc4 d6 7. O-O Nf6 8. d3 O-O
9. Bd2 Bd7 10. Qe1 Qc8 11. f5 Nb4 12. Rc1 d5 13. Bb3 c4 14. dxc4 dxc4 15. Ba2
Nxa2 16. Nxa2 Bxa4 17. Nc3 Bc6 18. Qh4 Rd8 19. Bh6 b5 20. Ng5 Qc7 21. Bxg7 Kxg7
22. fxg6 hxg6 23. Rxf6 Qa7+ 24. Rf2 Rh8 25. Qg3 1-0

[Event "Quebec op U2000"]
[Site "Montreal CAN"]
[Date "2023.08.02"]
[Round "6.24"]
[White "Cloutier, Jean-Pierre"]
[Black "Brassard, Sylvain"]
[Result "0-1"]
[WhiteElo "1654"]
[BlackElo "1725"]
[PlyCount "22"]
[EventDate "2023.07.29"]
[EventType "swiss"]
[EventRounds "9"]
[EventCountry "CAN"]

1. d4 d5 2. Bf4 Nf6 3. e3 c5 4. c3 Nc6 5. Bd3 Qb6 6. Na3 c4 7. Be2 Qxb2 8. Qc1
Qxc1+ 9. Rxc1 a6 10. f3 e5 11. dxe5 Bxa3 0-1

[Event "Quebec op U2000"]
[Site "Montreal CAN"]
[Date "2023.08.02"]
[Round "6.25"]
[White "Democri, Fardin"]
[Black "Audet, Olivier"]
[Result "0-1"]
[WhiteElo "1715"]
[BlackElo "1544"]
[PlyCount "123"]
[EventDate "2023.07.29"]
[EventType "swiss"]
[EventRounds "9"]
[EventCountry "CAN"]

1. e4 e6 2. Nc3 d5 3. d4 Bb4 4. a3 Bxc3+ 5. bxc3 dxe4 6. Qg4 Nf6 7. Qxg7 Rg8 8.
Qh6 Rg6 9. Qe3 b6 10. Ne2 Ba6 11. Nf4 Rg8 12. Bxa6 Nxa6 13. Qe2 Nb8 14. f3 exf3
15. Qxf3 c6 16. O-O Nbd7 17. Qxc6 Rc8 18. Qf3 Qc7 19. Bd2 Qc6 20. Qxc6 Rxc6 21.
Rae1 Kd8 22. Rf3 Rg7 23. Nd3 Nd5 24. Ref1 f5 25. Re1 b5 26. Nf4 Nxf4 27. Bxf4
Nb6 28. Be5 Rg6 29. Rh3 h6 30. Bf4 Nd5 31. Bd2 Ke7 32. Rb1 a6 33. Rb3 f4 34.
Rf3 Rf6 35. Kf2 Kd6 36. Rb1 Rc4 37. Ke2 e5 38. dxe5+ Kxe5 39. g3 fxg3 40. Rxg3
Re4+ 41. Re3 Rxe3+ 42. Bxe3 Nxc3+ 43. Kd3 Nxb1 44. Bd4+ Ke6 45. Bxf6 Kxf6 46.
a4 bxa4 47. c4 Ke6 48. Kc2 Na3+ 49. Kc3 Kd6 50. Kb4 Nc2+ 51. Kxa4 Kc5 52. Ka5
Kxc4 53. Kxa6 h5 54. Kb6 Kd5 55. Kb5 h4 56. h3 Nd4+ 57. Kb4 Ne2 58. Kb3 Nf4 59.
Kc3 Ke4 60. Kd2 Kf3 61. Ke1 Kg2 62. Kd2 0-1

[Event "Quebec op U2000"]
[Site "Montreal CAN"]
[Date "2023.08.02"]
[Round "6.26"]
[White "Yang, Jing Yao"]
[Black "Cloutier, Eric"]
[Result "0-1"]
[WhiteElo "1555"]
[BlackElo "1815"]
[PlyCount "88"]
[EventDate "2023.07.29"]
[EventType "swiss"]
[EventRounds "9"]
[EventCountry "CAN"]

1. d4 c6 2. c4 d5 3. Nc3 Nf6 4. e3 Bf5 5. Qb3 b6 6. Nf3 e6 7. Bd2 Bd6 8. cxd5
exd5 9. Be2 O-O 10. Rc1 Qe7 11. O-O Rc8 12. a4 Nbd7 13. Ba6 Rc7 14. Na2 Be4 15.
Bb4 c5 16. dxc5 Nxc5 17. Bxc5 bxc5 18. Nc3 Bxf3 19. gxf3 Qe5 20. f4 Qh5 21. f3
Re7 22. Nb5 c4 23. Qc3 Bc5 24. Nd4 Rb8 25. Bb5 a6 26. Bxa6 Bb4 27. Qc2 Rxe3 28.
Nc6 Bc5 29. Kg2 Rbe8 30. Ne5 Qh4 31. Bb5 Re7 32. Rce1 Qxf4 33. Rxe3 Qxe3 34.
Ng4 Nxg4 35. fxg4 Qe2+ 36. Qxe2 Rxe2+ 37. Kf3 Rxb2 38. Rd1 Rb3+ 39. Kg2 Rb2+
40. Kh1 c3 41. Rxd5 Be7 42. Bd3 c2 43. Bxc2 Rxc2 44. Rd7 Kf8 0-1

[Event "Quebec op U2000"]
[Site "Montreal CAN"]
[Date "2023.08.02"]
[Round "6.27"]
[White "Giroux, Robert"]
[Black "Bedhouche, Rayan"]
[Result "0-1"]
[WhiteElo "1843"]
[BlackElo "1850"]
[PlyCount "134"]
[EventDate "2023.07.29"]
[EventType "swiss"]
[EventRounds "9"]
[EventCountry "CAN"]

1. Nf3 d5 2. b3 Bg4 3. Bb2 Bxf3 4. exf3 h5 5. d4 h4 6. Nd2 e6 7. Bd3 Bd6 8. Qe2
Qg5 9. Qf1 Nc6 10. O-O-O O-O-O 11. g3 Nb4 12. f4 Nxd3+ 13. Qxd3 Qe7 14. Nf3
hxg3 15. hxg3 Nf6 16. Ne5 Ne4 17. Qe3 Kb8 18. Kb1 a6 19. g4 Bxe5 20. fxe5 Qg5
21. Qxg5 Nxg5 22. Bc1 Ne4 23. Rxh8 Rxh8 24. Rf1 Rh3 25. f3 Ng3 26. Re1 Rh2 27.
Bf4 Rg2 28. Bxg3 Rxg3 29. Rf1 Kc8 30. Rf2 Kd7 31. Kc1 Kc6 32. Kd2 Kb5 33. c3 b6
34. Ke3 Rh3 35. Rc2 c5 36. c4+ Kb4 37. dxc5 bxc5 38. cxd5 exd5 39. a3+ Kb5 40.
Rd2 d4+ 41. Ke4 Rh1 42. Rc2 Rb1 43. b4 c4 44. Kxd4 Rd1+ 45. Ke4 Rd3 46. Ra2 Ka4
47. Rc2 Kb3 48. Rc1 Rd8 49. f4 c3 50. f5 Kb2 51. Rh1 c2 52. Rh2 Kb1 53. Rxc2
Kxc2 54. a4 Kc3 55. b5 axb5 56. axb5 Kc4 57. e6 fxe6 58. fxe6 Kxb5 59. Ke5 Kc6
60. e7 Re8 61. Ke6 Kc7 62. g5 g6 63. Kf7 Kd7 64. Kxg6 Kxe7 65. Kh7 Kf7 66. g6+
Kf6 67. g7 Kf7 0-1

[Event "Quebec op U2000"]
[Site "Montreal CAN"]
[Date "2023.08.02"]
[Round "6.28"]
[White "Madanchi, Ata"]
[Black "Nardone, Raul"]
[Result "1-0"]
[WhiteElo "1836"]
[BlackElo "1765"]
[PlyCount "63"]
[EventDate "2023.07.29"]
[EventType "swiss"]
[EventRounds "9"]
[EventCountry "CAN"]

1. e4 c5 2. Nc3 Nc6 3. g3 g6 4. Bg2 Bg7 5. d3 d6 6. Nge2 Nf6 7. h3 Bd7 8. O-O
Rb8 9. Be3 a6 10. Qd2 b5 11. Bh6 O-O 12. Bxg7 Kxg7 13. f4 Nd4 14. Nxd4 cxd4 15.
Ne2 Qb6 16. g4 Rbc8 17. Ng3 Qc5 18. Rac1 Bc6 19. g5 Nd7 20. h4 a5 21. f5 Qe5
22. Rf4 b4 23. Rcf1 Ba4 24. b3 Bb5 25. Qf2 Qc5 26. fxg6 fxg6 27. Rf7+ Kg8 28.
Bh3 Rfe8 29. Be6 Kh8 30. Rxh7+ Kxh7 31. Qf7+ Kh8 32. Qxg6 1-0

[Event "Quebec op U2000"]
[Site "Montreal CAN"]
[Date "2023.08.02"]
[Round "6.29"]
[White "St-Germain, Jack"]
[Black "Forget, Luc"]
[Result "1-0"]
[WhiteElo "1635"]
[BlackElo "1771"]
[PlyCount "75"]
[EventDate "2023.07.29"]
[EventType "swiss"]
[EventRounds "9"]
[EventCountry "CAN"]

1. e4 e5 2. Nf3 Nf6 3. Nxe5 d6 4. Nf3 Nxe4 5. d4 d5 6. Bd3 Nc6 7. O-O Be7 8. c4
Nb4 9. Be2 c6 10. a3 Na6 11. cxd5 cxd5 12. Nc3 Nxc3 13. bxc3 O-O 14. Bd3 Nc7
15. h3 Be6 16. Rb1 Rb8 17. Re1 h6 18. Bc2 Ne8 19. Bxh6 Nf6 20. Bg5 Re8 21. Bh4
Qc8 22. Qd3 Ne4 23. Bxe7 Rxe7 24. Rxe4 dxe4 25. Qxe4 Rd7 26. Qh7+ Kf8 27. Ne5
Rd6 28. Qh8+ Ke7 29. Qxg7 Qg8 30. Rxb7+ Bd7 31. Rxd7+ Rxd7 32. Ng6+ Kd6 33.
Qe5+ Kc6 34. Qc5+ Kb7 35. Be4+ Ka6 36. Ne5 Qg5 37. Bd3+ Kb7 38. Qc6# 1-0

[Event "Quebec op U2000"]
[Site "Montreal CAN"]
[Date "2023.08.02"]
[Round "6.30"]
[White "Baran, Marius"]
[Black "Liu, Lucas"]
[Result "0-1"]
[WhiteElo "1803"]
[BlackElo "1334"]
[PlyCount "96"]
[EventDate "2023.07.29"]
[EventType "swiss"]
[EventRounds "9"]
[EventCountry "CAN"]

1. d4 Nf6 2. c4 g6 3. Nc3 d5 4. cxd5 Nxd5 5. e4 Nxc3 6. bxc3 Bg7 7. Bc4 c5 8.
Be3 Nc6 9. Ne2 O-O 10. O-O Qc7 11. Qc1 b6 12. Rd1 Bb7 13. f3 Rac8 14. Bd3 cxd4
15. cxd4 Rfd8 16. Qb2 e6 17. Rac1 Qe7 18. Bb1 Rd7 19. Qb5 Qd8 20. d5 exd5 21.
exd5 Ne7 22. Rxc8 Nxc8 23. Nf4 Ne7 24. Be4 f5 25. Ne6 Qe8 26. Nxg7 Kxg7 27. Bc2
Nxd5 28. Bf2 Nf6 29. Rxd7+ Qxd7 30. Qe5 Qd5 31. Qc3 Qxa2 32. Bd4 Qf7 33. Bb3
Qe7 34. h3 g5 35. Kh2 Qd6+ 36. Be5 Qe7 37. Bc2 Kg6 38. g4 Nd7 39. Bxf5+ Kh6 40.
f4 Nxe5 41. fxe5 Qc5 42. Qxc5 bxc5 43. Kg3 Kg7 44. Kf2 Bd5 45. Kg3 a5 46. Bc2
h6 47. h4 Kf7 48. hxg5 hxg5 0-1

[Event "Quebec op U2000"]
[Site "Montreal CAN"]
[Date "2023.08.02"]
[Round "6.31"]
[White "Duval, Mathieu"]
[Black "Goldner, John"]
[Result "0-1"]
[WhiteElo "1744"]
[BlackElo "1628"]
[PlyCount "72"]
[EventDate "2023.07.29"]
[EventType "swiss"]
[EventRounds "9"]
[EventCountry "CAN"]

1. d4 d5 2. c4 e6 3. Nc3 c5 4. Nf3 Nf6 5. Bg5 cxd4 6. Qxd4 Nc6 7. Qd2 d4 8.
O-O-O dxc3 9. Qxc3 Qe7 10. Qc2 Qc7 11. b3 Be7 12. g3 O-O 13. Bg2 Qa5 14. Kb1 e5
15. Bd2 Bb4 16. Bg5 e4 17. Bxf6 exf3 18. Bxf3 gxf6 19. Rd5 Qa6 20. Rh5 f5 21.
g4 Nd4 22. Qb2 Nxf3 23. exf3 Qg6 24. Rg1 f6 25. Ka1 Bd6 26. Re1 Bd7 27. Qd4 Be5
28. Rxe5 fxe5 29. Qxd7 Qg7 30. Qd2 f4 31. h4 Rad8 32. Qc2 Qd7 33. Rxe5 Qd4+ 34.
Qb2 Qxb2+ 35. Kxb2 Rd2+ 36. Kc3 Rxf2 0-1

[Event "Quebec op U2000"]
[Site "Montreal CAN"]
[Date "2023.08.02"]
[Round "6.32"]
[White "Beaulieu, Pierre"]
[Black "Templonuevo, Mark Geryl"]
[Result "1-0"]
[WhiteElo "1758"]
[BlackElo "1886"]
[PlyCount "77"]
[EventDate "2023.07.29"]
[EventType "swiss"]
[EventRounds "9"]
[EventCountry "CAN"]

1. Nf3 c5 2. b3 Nc6 3. Bb2 d6 4. e3 e5 5. d3 f5 6. Be2 Nf6 7. c4 Be7 8. Nc3 Be6
9. O-O d5 10. cxd5 Nxd5 11. Nxd5 Qxd5 12. d4 cxd4 13. exd4 Nxd4 14. Nxd4 exd4
15. Bh5+ Bf7 16. Bf3 Qd7 17. Qxd4 Rd8 18. Qxg7 Rg8 19. Qe5 Kf8 20. Rad1 Bd6 21.
Qa5 b6 22. Qa6 Qc7 23. Rxd6 Rxd6 24. Ba3 Rgg6 25. Qd3 Kg7 26. Bxd6 Rxd6 27.
Qxf5 Rh6 28. Qg5+ Rg6 29. Qd2 Rh6 30. g3 Qc8 31. Bg2 Rh5 32. Rc1 Qe8 33. Qd4+
Kh6 34. h4 Re5 35. Qf4+ Kg7 36. Qg4+ Bg6 37. Rc7+ Kf6 38. Qd4 Bf5 39. f4 1-0

[Event "Quebec op U2000"]
[Site "Montreal CAN"]
[Date "2023.08.02"]
[Round "6.33"]
[White "Selling, Edward"]
[Black "Blanchet, Robert"]
[Result "0-1"]
[WhiteElo "1625"]
[BlackElo "1810"]
[PlyCount "70"]
[EventDate "2023.07.29"]
[EventType "swiss"]
[EventRounds "9"]
[EventCountry "CAN"]

1. d4 Nf6 2. c4 g6 3. Nc3 d5 4. e3 Bg7 5. Nf3 Bg4 6. h3 Bxf3 7. Qxf3 c6 8. cxd5
cxd5 9. Bb5+ Kf8 10. O-O h5 11. Bd3 Nc6 12. Qd1 h4 13. Bd2 e5 14. dxe5 Nxe5 15.
Be2 g5 16. f4 gxf4 17. Rxf4 Ng6 18. Rf5 Ne7 19. Rf1 Nc6 20. Nb5 Ne4 21. Bc3
Nxc3 22. Nxc3 Bh6 23. Rf5 Bxe3+ 24. Kh1 Ne7 25. Rf3 Bb6 26. Qb3 Qd6 27. Raf1
Rh7 28. Nxd5 Nxd5 29. Bc4 Bc7 30. Rxf7+ Rxf7 31. Rxf7+ Kxf7 32. Bxd5+ Kf6 33.
Qc3+ Qe5 34. Qf3+ Qf4 35. Qc3+ Be5 0-1

[Event "Quebec op U2000"]
[Site "Montreal CAN"]
[Date "2023.08.02"]
[Round "6.34"]
[White "Ouni, Iheb"]
[Black "Omichi, Haruaki"]
[Result "0-1"]
[WhiteElo "1189"]
[BlackElo "1568"]
[PlyCount "62"]
[EventDate "2023.07.29"]
[EventType "swiss"]
[EventRounds "9"]
[EventCountry "CAN"]

1. d4 d5 2. c4 dxc4 3. e4 e5 4. Bxc4 Nf6 5. Nf3 Bb4+ 6. Bd2 Bxd2+ 7. Qxd2 exd4
8. e5 Nd5 9. Nxd4 O-O 10. O-O Nb6 11. Bb3 c5 12. Nf3 Qxd2 13. Nbxd2 Bf5 14. Nh4
Bd3 15. Rfe1 c4 16. Bd1 Nc6 17. f4 Nd5 18. g3 Rfd8 19. Rc1 b5 20. Bf3 Nd4 21.
Bg4 Nc2 22. Rf1 Nce3 23. Bf3 Nxf1 24. Nxf1 Rac8 25. f5 b4 26. Ng2 c3 27. bxc3
Nxc3 28. Re1 Bxf5 29. Nge3 Be6 30. Nc2 Nxa2 31. Nd2 Rxd2 0-1

[Event "Quebec op U2000"]
[Site "Montreal CAN"]
[Date "2023.08.02"]
[Round "6.35"]
[White "Morin, Louis"]
[Black "Morais, Antoine"]
[Result "1-0"]
[WhiteElo "1806"]
[BlackElo "1532"]
[PlyCount "43"]
[EventDate "2023.07.29"]
[EventType "swiss"]
[EventRounds "9"]
[EventCountry "CAN"]

1. e4 e5 2. Nf3 Nc6 3. Bc4 Nf6 4. Ng5 d5 5. exd5 Na5 6. Bb5+ c6 7. dxc6 bxc6 8.
Qf3 Be7 9. Bxc6+ Nxc6 10. Qxc6+ Bd7 11. Qc4 O-O 12. Nc3 Rc8 13. Qe2 Ng4 14. Nf3
Re8 15. O-O Bc5 16. d3 f5 17. Ng5 Rc6 18. Nge4 Qh4 19. h3 fxe4 20. Nxe4 Nf6 21.
Bg5 Qh5 22. Nxf6+ 1-0

[Event "Quebec op U2000"]
[Site "Montreal CAN"]
[Date "2023.08.03"]
[Round "7.19"]
[White "Alcantara, Maximo"]
[Black "Fiset, Anais Chloe"]
[Result "0-1"]
[WhiteElo "1875"]
[BlackElo "1457"]
[PlyCount "128"]
[EventDate "2023.07.29"]
[EventType "swiss"]
[EventRounds "9"]
[EventCountry "CAN"]

1. e4 c6 2. Nc3 d5 3. exd5 cxd5 4. d4 Nf6 5. Nf3 a6 6. Bf4 Bg4 7. Be2 Nc6 8.
O-O e6 9. Ne5 Bxe2 10. Nxe2 Nxe5 11. Bxe5 Bd6 12. Ng3 O-O 13. Re1 Bxe5 14. dxe5
Nd7 15. Qg4 Kh8 16. Re2 Qc7 17. Rae1 Rac8 18. b3 Qa5 19. Qg5 Rxc2 20. Qe7 Rxe2
21. Rxe2 Qd8 22. Qb4 Qb6 23. Qg4 Rc8 24. h3 Nf8 25. Qf4 Qc7 26. Qd4 Qc1+ 27.
Kh2 Ng6 28. Qb4 b5 29. Qa5 Qc6 30. f3 Nf4 31. Rd2 h6 32. Qb4 Ng6 33. Ne2 Nxe5
34. Qf4 Qc7 35. Kh1 Ng6 36. Qg4 Qa5 37. Qd4 Ne7 38. Rd3 Qe1+ 39. Ng1 Nf5 40.
Rd1 Nxd4 41. Rxe1 Rc2 42. Ra1 b4 43. Kh2 Nb5 44. f4 Nc3 45. a3 bxa3 46. Rxa3 d4
47. Nf3 d3 48. b4 Ne2 49. Rxd3 Nxf4 50. Rd8+ Kh7 51. Kg3 Nd5 52. Ne5 f6 53. Nd7
Kg6 54. Rb8 Rb2 55. Rb7 Kf5 56. Nc5 Rxb4 57. Rxg7 Rb6 58. Kf3 Rc6 59. Nd7 Rc3+
60. Kf2 e5 61. g4+ Ke6 62. Nf8+ Kd6 63. Rd7+ Kc6 64. Kg2 Nf4+ 0-1

[Event "Quebec op U2000"]
[Site "Montreal CAN"]
[Date "2023.08.03"]
[Round "7.20"]
[White "Espagnol-Echeverria, Manuel"]
[Black "Kozlov, Guennadi"]
[Result "0-1"]
[WhiteElo "1806"]
[BlackElo "1321"]
[PlyCount "62"]
[EventDate "2023.07.29"]
[EventType "swiss"]
[EventRounds "9"]
[EventCountry "CAN"]

1. e4 e6 2. d4 d5 3. Nd2 c5 4. Ngf3 Nf6 5. exd5 exd5 6. Bb5+ Bd7 7. Bxd7+ Nbxd7
8. O-O Be7 9. b3 O-O 10. Bb2 Rc8 11. c4 dxc4 12. Nxc4 cxd4 13. Nxd4 Qc7 14. Nf5
Bc5 15. Qf3 b5 16. Nce3 Ne5 17. Qg3 Ng6 18. Qg5 Ne4 19. Qg4 Nf6 20. Bxf6 gxf6
21. Nd5 Qe5 22. Rad1 Rcd8 23. Rfe1 Rxd5 24. Rxe5 Rxd1+ 25. Qxd1 fxe5 26. Qc1
Rc8 27. Kf1 Rc7 28. b4 Bb6 29. Qd2 f6 30. Qd5+ Kf8 31. Qe6 Rc1+ 0-1

[Event "Quebec op U2000"]
[Site "Montreal CAN"]
[Date "2023.08.03"]
[Round "7.21"]
[White "Craciun, David"]
[Black "Tachijian, Mardig"]
[Result "1-0"]
[WhiteElo "1930"]
[BlackElo "1717"]
[PlyCount "109"]
[EventDate "2023.07.29"]
[EventType "swiss"]
[EventRounds "9"]
[EventCountry "CAN"]

1. d4 Nf6 2. Bf4 d5 3. e3 c5 4. Nf3 e6 5. Nbd2 Nc6 6. c3 Bd6 7. Bg3 b6 8. Ne5
Bb7 9. Bd3 Qc7 10. f4 O-O 11. O-O Ne7 12. Qf3 Nf5 13. Be1 Be7 14. Kh1 Nd6 15.
Bh4 Nfe4 16. Bxe4 dxe4 17. Qh3 Bxh4 18. Qxh4 cxd4 19. exd4 f6 20. Ng4 Rae8 21.
Rfe1 Nf5 22. Qf2 Nd6 23. Qe2 g6 24. Rac1 f5 25. Ne5 Nf7 26. c4 Nxe5 27. dxe5
Rc8 28. b4 Rfd8 29. Rc3 Qd7 30. Nb3 Qe7 31. a3 h5 32. Rec1 Qd7 33. h3 Rc7 34.
Qe3 Rdc8 35. Nd4 Bc6 36. b5 Bb7 37. a4 Rc5 38. Nb3 R5c7 39. a5 bxa5 40. Nxa5 a6
41. b6 Rc5 42. Nb3 Qe7 43. Nxc5 Rxc5 44. Rd1 Rc8 45. Rd6 Kf7 46. Qd4 Bc6 47. c5
Ke8 48. Qc4 Kf7 49. Qxa6 Ra8 50. Qc4 Rc8 51. Ra3 Bb7 52. Ra7 Rb8 53. c6 Qh4 54.
Qxe6+ Kf8 55. Qf6+ 1-0

[Event "Quebec op U2000"]
[Site "Montreal CAN"]
[Date "2023.08.03"]
[Round "7.22"]
[White "Brassard, Sylvain"]
[Black "De Lagrave, Sylvain"]
[Result "1-0"]
[WhiteElo "1725"]
[BlackElo "1792"]
[PlyCount "53"]
[EventDate "2023.07.29"]
[EventType "swiss"]
[EventRounds "9"]
[EventCountry "CAN"]

1. d4 d5 2. Nf3 Nf6 3. e3 e6 4. c3 c5 5. Bd3 Nc6 6. Nbd2 Be7 7. O-O O-O 8. Qe2
Re8 9. b3 Qc7 10. Bb2 b6 11. Rac1 Bb7 12. c4 Rac8 13. Rfd1 Red8 14. dxc5 bxc5
15. cxd5 exd5 16. Bxf6 Bxf6 17. Bf5 Nb4 18. Bxc8 Bxc8 19. Qb5 Ba6 20. Qxc5 Qb7
21. Qc7 Nxa2 22. Qxb7 Bxb7 23. Rc7 Nc3 24. Re1 Ba6 25. Nd4 Re8 26. N2f3 Bd3 27.
Rxc3 1-0

[Event "Quebec op U2000"]
[Site "Montreal CAN"]
[Date "2023.08.03"]
[Round "7.22"]
[White "Chasles, Jean-Benoit"]
[Black "Beaupre, Eugene"]
[Result "0-1"]
[WhiteElo "1825"]
[BlackElo "1825"]
[PlyCount "120"]
[EventDate "2023.07.29"]
[EventType "swiss"]
[EventRounds "9"]
[EventCountry "CAN"]

1. e4 c5 2. Nf3 d6 3. d4 cxd4 4. Nxd4 Nf6 5. Nc3 g6 6. f3 Bg7 7. Be3 O-O 8. Bc4
Nc6 9. Bb3 Bd7 10. g4 Rc8 11. Nxc6 Rxc6 12. Qd2 Qa5 13. Bd4 Be6 14. h4 Bxb3 15.
cxb3 Qb4 16. Ne2 Qxd2+ 17. Kxd2 Rfc8 18. Bc3 e5 19. g5 Nh5 20. Ke3 Kf8 21. Rad1
Ke7 22. Bb4 Ke6 23. Rhg1 Bf8 24. Rd2 h6 25. f4 Nxf4 26. Nxf4+ exf4+ 27. Kxf4
hxg5+ 28. hxg5 Bg7 29. Rgd1 Be5+ 30. Ke3 Rh8 31. Rg1 Rh3+ 32. Ke2 Bxb2 33. Rf1
Be5 34. Rf3 Rh5 35. Kd1 Rxg5 36. Rdf2 f6 37. Kd2 Rg3 38. Kd3 Rxf3+ 39. Rxf3 g5
40. Rf1 Rc7 41. Rh1 g4 42. Rg1 Rg7 43. a4 Bh2 44. Rg2 g3 45. Ke3 Rc7 46. Rd2
Rd7 47. Kf3 d5 48. Re2 dxe4+ 49. Rxe4+ Kf5 50. Re3 Bg1 51. Rc3 Bf2 52. Kg2 Kg4
53. Rc4+ Rd4 54. Rxd4+ Bxd4 55. Bd6 Bf2 56. a5 a6 57. b4 f5 58. Bc7 f4 59. Kf1
Kf3 60. Bb6 g2# 0-1

[Event "Quebec op U2000"]
[Site "Montreal CAN"]
[Date "2023.08.03"]
[Round "7.24"]
[White "Bedhouche, Rayan"]
[Black "Hu, Raymond"]
[Result "1/2-1/2"]
[WhiteElo "1850"]
[BlackElo "1449"]
[PlyCount "141"]
[EventDate "2023.07.29"]
[EventType "swiss"]
[EventRounds "9"]
[EventCountry "CAN"]

1. e4 c5 2. Nf3 Nc6 3. Bb5 e6 4. Bxc6 bxc6 5. b3 d5 6. d3 f6 7. Nh4 Ne7 8. O-O
h5 9. f4 dxe4 10. dxe4 Qd4+ 11. Qxd4 cxd4 12. Na3 Ba6 13. Nc4 O-O-O 14. Ba3 Rh7
15. Rfd1 Bxc4 16. bxc4 Ng6 17. Bxf8 Nxf8 18. Nf3 c5 19. e5 Nd7 20. Re1 Re8 21.
Nd2 f5 22. Nf3 g6 23. Ng5 Rg7 24. Rab1 Nb6 25. Rb5 Rc7 26. Reb1 Kd7 27. c3 Nxc4
28. Rd1 Kc6 29. Rb3 Ne3 30. Rd2 c4 31. Ra3 d3 32. Ra6+ Kb5 33. Rxe6 Rxe6 34.
Nxe6 Re7 35. Nd4+ Ka4 36. Nc6 Re8 37. Rb2 Ka3 38. Rd2 Ka4 39. Rb2 Nd5 40. Kf2
Ka3 41. Rb7 Nxc3 42. Ke3 Ne4 43. Na5 Rc8 44. Nxc4+ Rxc4 45. Kxd3 Ra4 46. Rc7
Kxa2 47. e6 Ra6 48. e7 Nf6 49. Rc8 Re6 50. Rf8 Rxe7 51. Rxf6 Rg7 52. Ra6+ Kb3
53. Kd4 Re7 54. Kc5 Re4 55. Rxa7 Rxf4 56. Rg7 Rg4 57. g3 Kc3 58. Kd5 Kd3 59.
Ke5 Ke3 60. Kf6 f4 61. Re7+ Kf3 62. gxf4 Kxf4 63. Ra7 g5 64. Ra5 Rg1 65. Rf5+
Ke3 66. Rxg5 Rh1 67. Rxh5 Kf4 68. Rh4+ Kf3 69. Kf5 Kg2 70. Rg4+ Kxh2 71. Rh4+
1/2-1/2

[Event "Quebec op U2000"]
[Site "Montreal CAN"]
[Date "2023.08.03"]
[Round "7.25"]
[White "Cloutier, Eric"]
[Black "Madanchi, Ata"]
[Result "0-1"]
[WhiteElo "1815"]
[BlackElo "1836"]
[PlyCount "78"]
[EventDate "2023.07.29"]
[EventType "swiss"]
[EventRounds "9"]
[EventCountry "CAN"]

1. e4 e5 2. Nf3 Nc6 3. d4 exd4 4. Nxd4 Nf6 5. Nxc6 bxc6 6. e5 Qe7 7. Qe2 Nd5 8.
c4 Ba6 9. b3 g5 10. h4 Bg7 11. Bb2 O-O-O 12. Nd2 Rde8 13. O-O-O Nf4 14. Qe3
Bxe5 15. Bxe5 Qxe5 16. Qxe5 Rxe5 17. hxg5 Ne2+ 18. Kb2 Nd4 19. f3 c5 20. Ne4 d6
21. Bd3 Bb7 22. Kc3 Bxe4 23. Bxe4 Rxg5 24. g4 h5 25. Rd2 f5 26. gxf5 Nxf5 27.
Rd5 Rf8 28. b4 c6 29. Rd2 Ng3 30. Rh3 Nxe4+ 31. fxe4 cxb4+ 32. Kxb4 Kc7 33.
Rdh2 a5+ 34. Kc3 Rh8 35. Rf3 h4 36. Kd4 Rh7 37. Rf8 h3 38. Rb2 h2 39. Rfb8 Rb5
0-1